| 000 | 00524nam a22001817a 4500 | ||
|---|---|---|---|
| 003 | NUST | ||
| 005 | 20260127144242.0 | ||
| 008 | 260127b ||||| |||| 00| 0 eng d | ||
| 020 | _a978-1930699458 | ||
| 082 | _a658.404 | ||
| 100 |
_aProject Management Institute _913254 |
||
| 245 |
_aA Guide to the Project Management Body of Knowledge / _cProject Management Institute. |
||
| 250 | _a3rd Edition | ||
| 260 |
_bProject Management Inst, _c2004. |
||
| 300 |
_a388 p ; _c29.6 cm |
||
| 563 | _aPaperback | ||
| 942 |
_2ddc _cBK |
||
| 999 |
_c615962 _d615962 |
||